[Event "Poussines"]
[Site "?"]
[Date "2014.03.01"]
[Round "1.1"]
[White "Hamon, Elisa"]
[Black "Tollot, Juliette"]
[Result "0-1"]
[WhiteElo "1179"]
[BlackElo "1009"]
[PlyCount "50"]
[EventDate "2014.03.01"]
[SourceDate "2014.03.01"]

1. e4 e6 2. d4 d5 3. Bd3 Nf6 4. Bg5 c5 5. dxc5 Bxc5 6. e5 h6 7. exf6 hxg5 8.
fxg7 Rg8 9. Bb5+ Nc6 10. Nf3 Rxg7 11. Ne5 Bd7 12. Qf3 Nxe5 13. Bxd7+ Qxd7 14.
Qc3 Qd6 15. g3 Kf8 16. Nd2 Rc8 17. b4 Bxf2+ 18. Kxf2 Rxc3 19. Rab1 Rxc2 20.
Rhd1 Rxa2 21. Ke1 d4 22. Ne4 Qd5 23. Nf6 Qg2 24. Rd2 Rxd2 25. Rc1 Nf3# 0-1

[Event "Poussines"]
[Site "?"]
[Date "2014.03.01"]
[Round "1.2"]
[White "Hubert, Romane"]
[Black "Rosario, Chlea"]
[Result "1-0"]
[WhiteElo "1268"]
[BlackElo "1040"]
[PlyCount "139"]
[EventDate "2014.03.01"]
[SourceDate "2014.03.01"]

1. e4 c5 2. Bb5 g6 3. Nc3 Nf6 4. Nf3 a6 5. Bc4 d6 6. h3 Bg7 7. O-O O-O 8. d3
Be6 9. Bxe6 fxe6 10. d4 Nc6 11. Bg5 cxd4 12. Nxd4 Nxd4 13. Qxd4 e5 14. Qd2 h6
15. Bxf6 exf6 16. Qd5+ Kh8 17. Rfd1 Rf7 18. Qxf7 Qb6 19. Qxg6 Rg8 20. Re1 Bf8
21. Qxf6+ Bg7 22. Rad1 Rd8 23. Qxd8+ Qxd8 24. g3 Bf6 25. h4 Qb6 26. Nd5 Qxb2
27. Nxf6 Qxc2 28. a3 a5 29. Ng4 h5 30. Ne3 Qb3 31. Rxd6 Qxa3 32. Rd8+ Kg7 33.
g4 Qc3 34. Re2 Qc1+ 35. Kg2 a4 36. Rd7+ Kf6 37. Rxb7 Qc6 38. Rb4 Qa6 39. gxh5
a3 40. Ng4+ Kg7 41. Nxe5 Qxe2 42. Ra4 Qb2 43. Nc4 Qb3 44. Ra7+ Kf6 45. Ra6+ Ke7
46. Nxa3 Kd7 47. h6 Qg8+ 48. Kf3 Qf8+ 49. Ke3 Qe7 50. Ra7+ Kd6 51. Rxe7 Kxe7
52. h7 Kd6 53. h8=Q Kc5 54. Qh5+ Kb4 55. Nc2+ Kc4 56. e5 Kd5 57. f4 Ke6 58. f5+
Kxe5 59. Qg5 Kd5 60. Qd8+ Ke5 61. f6 Ke6 62. h5 Kf7 63. h6 Kg6 64. h7 Kxh7 65.
f7 Kg6 66. f8=Q Kh5 67. Qf5+ Kh6 68. Qh4+ Kg7 69. Qhg4+ Kh8 70. Qfh5# 1-0

[Event "Poussines"]
[Site "?"]
[Date "2014.03.01"]
[Round "1.3"]
[White "Compere, Nathalie"]
[Black "Huger, Leane"]
[Result "1-0"]
[WhiteElo "1260"]
[BlackElo "1040"]
[PlyCount "57"]
[EventDate "2014.03.01"]
[SourceDate "2014.03.01"]

1. e4 e5 2. Nc3 Nf6 3. f4 exf4 4. Nf3 Nc6 5. d4 Bb4 6. Qe2 O-O 7. Bxf4 d6 8.
O-O-O Bg4 9. h3 Be6 10. g4 Bxc3 11. bxc3 Bc8 12. e5 Nd5 13. Qd2 Nxf4 14. Qxf4
Be6 15. Bd3 Qe7 16. Qe4 g6 17. Qf4 Bd5 18. Rhf1 Bxf3 19. Rxf3 Qe6 20. Rdf1 Nd8
21. Qh6 Re8 22. Rf6 Qxa2 23. h4 Qa1+ 24. Kd2 Qa2 25. h5 dxe5 26. hxg6 fxg6 27.
Rf8+ Rxf8 28. Bc4+ Qxc4 29. Qxf8# 1-0

[Event "Poussines"]
[Site "?"]
[Date "2014.03.01"]
[Round "1.4"]
[White "Rubio, Elena"]
[Black "Gadras, Erine"]
[Result "0-1"]
[WhiteElo "1090"]
[BlackElo "1130"]
[PlyCount "74"]
[EventDate "2014.03.01"]
[SourceDate "2014.03.01"]

1. e4 e5 2. Nf3 Nc6 3. Bc4 Nf6 4. Nc3 Bc5 5. O-O O-O 6. d3 d6 7. Bg5 Bg4 8. Re1
Qd7 9. b4 Bxb4 10. Qd2 Bc5 11. Rab1 Rab8 12. Nd5 Nd4 13. Re3 c6 14. Nxf6+ gxf6
15. Bxf6 b5 16. Bb3 a5 17. Ng5 Bb4 18. Qc1 d5 19. Rg3 dxe4 20. dxe4 Ne2+ 21.
Kf1 Nxc1 22. Rxc1 Bd2 23. Rb1 Be2+ 24. Kxe2 Bf4 25. Rf3 Bxg5 26. Bxg5 a4 27.
Bxf7+ Rxf7 28. Rg3 Rg7 29. h4 Qd6 30. Rf3 h6 31. Bxh6 Qxh6 32. Rd1 Qxh4 33. Rd6
Qh2 34. Rxc6 Qxg2 35. Rf5 Qg4+ 36. Kf1 Rd8 37. Rc3 Qd1# 0-1

[Event "Poussines"]
[Site "?"]
[Date "2014.03.01"]
[Round "2.1"]
[White "Tollot, Juliette"]
[Black "Gadras, Erine"]
[Result "1-0"]
[WhiteElo "1009"]
[BlackElo "1130"]
[PlyCount "41"]
[EventDate "2014.03.01"]
[SourceDate "2014.03.01"]

1. d4 d5 2. c4 e6 3. Nf3 Nc6 4. Bf4 Nf6 5. Nc3 e5 6. dxe5 Bb4 7. exf6 O-O 8.
fxg7 dxc4 9. gxf8=R+ Qxf8 10. e3 Bxc3+ 11. bxc3 Ne7 12. Bxc4 Bg4 13. Bxc7 Rc8
14. Qd6 Bf5 15. Qg3+ Ng6 16. Nd4 Rxc7 17. Qxc7 Qe8 18. Nxf5 Nf8 19. O-O Ne6 20.
Bxe6 fxe6 21. Qg7# 1-0

[Event "Poussines"]
[Site "?"]
[Date "2014.03.01"]
[Round "2.2"]
[White "Rosario, Chlea"]
[Black "Compere, Nathalie"]
[Result "0-1"]
[WhiteElo "1070"]
[BlackElo "1260"]
[PlyCount "100"]
[EventDate "2014.03.01"]
[SourceDate "2014.03.01"]

1. c4 e5 2. Nc3 Nf6 3. g3 Nc6 4. Bg2 Bb4 5. Nf3 d6 6. O-O Bg4 7. a3 Bxc3 8.
bxc3 O-O 9. a4 e4 10. Ng5 h6 11. Nxe4 Nxe4 12. Bxe4 Qe7 13. Bg2 Bxe2 14. Qe1
Bxf1 15. Qxf1 Rfe8 16. Ba3 Qg5 17. d3 Re7 18. Bc1 Qf6 19. Bb2 Rae8 20. Be4 Ne5
21. d4 Nf3+ 22. Bxf3 Qxf3 23. Qg2 Re1+ 24. Rxe1 Rxe1+ 25. Qf1 Rxf1+ 26. Kxf1
Qd1+ 27. Kg2 g5 28. h4 g4 29. h5 Qf3+ 30. Kf1 Qh1+ 31. Ke2 Qe4+ 32. Kf1 Qd3+
33. Kg2 Qxc4 34. a5 b5 35. a6 Qc6+ 36. Kh2 Qxa6 37. d5 Qa2 38. Bc1 Qxf2+ 39.
Kh1 Qf1+ 40. Kh2 Qxc1 41. Kg2 a5 42. Kf2 a4 43. Ke2 a3 44. Kd3 a2 45. Kd4 a1=Q
46. Ke4 Qe1+ 47. Kf4 Qac1+ 48. Kxg4 Qcxc3 49. Kf5 Qcxg3 50. Kf6 Qf3# 0-1

[Event "Poussines"]
[Site "?"]
[Date "2014.03.01"]
[Round "2.3"]
[White "Huger, Leane"]
[Black "Rubio, Elena"]
[Result "1-0"]
[WhiteElo "1040"]
[BlackElo "1090"]
[PlyCount "55"]
[EventDate "2014.03.01"]
[SourceDate "2014.03.01"]

1. e4 e5 2. Nf3 Nc6 3. Nc3 Nf6 4. Bb5 Bc5 5. d3 O-O 6. Bg5 d6 7. O-O Bg4 8. Nd5
a6 9. Bxc6 bxc6 10. Bxf6 Qd7 11. Bg5 cxd5 12. exd5 Rab8 13. Rb1 Qf5 14. c3 Bxf3
15. gxf3 Qxg5+ 16. Kh1 Ba7 17. d4 exd4 18. cxd4 Rb5 19. Qa4 Rxd5 20. Qc4 Rf5
21. Qc3 Rf4 22. Rbe1 Rh4 23. Re3 d5 24. Rfe1 c6 25. Re8 Bb6 26. Qxc6 Ba5 27.
Qc8 Bd2 28. Rxf8# 1-0

[Event "Poussines"]
[Site "?"]
[Date "2014.03.01"]
[Round "2.4"]
[White "Hamon, Elisa"]
[Black "Hubert, Romane"]
[Result "1-0"]
[WhiteElo "1179"]
[BlackElo "1020"]
[PlyCount "85"]
[EventDate "2014.03.01"]
[SourceDate "2014.03.01"]

1. e4 e5 2. Nf3 Nc6 3. d4 exd4 4. Nxd4 Nxd4 5. Qxd4 a6 6. Bc4 b5 7. Bb3 a5 8.
a3 a4 9. Ba2 Nf6 10. O-O Bb7 11. Nc3 Nxe4 12. Nxe4 Bxe4 13. Qxe4+ Be7 14. Bg5
O-O 15. Bxe7 Qe8 16. Rfe1 c6 17. Bxf8 Kxf8 18. Qxe8+ Rxe8 19. Rxe8+ Kxe8 20.
Re1+ Kf8 21. b3 h6 22. h4 c5 23. bxa4 bxa4 24. c4 d6 25. Re4 g5 26. h5 f5 27.
Re2 f4 28. Re6 Kf7 29. Rxd6 Ke7 30. Rc6 Kd7 31. Rxc5 Kd6 32. Rd5+ Ke6 33. c5
Ke7 34. Rd6 g4 35. Rxh6 f3 36. gxf3 gxf3 37. Re6+ Kd7 38. h6 Kd8 39. h7 Kd7 40.
h8=Q Kc7 41. Qh7+ Kd8 42. Rd6+ Ke8 43. Qf7# 1-0

[Event "Poussines"]
[Site "?"]
[Date "2014.03.02"]
[Round "3.1"]
[White "Hubert, Romane"]
[Black "Tollot, Juliette"]
[Result "0-1"]
[WhiteElo "1020"]
[BlackElo "1009"]
[PlyCount "30"]
[EventDate "2014.03.01"]
[SourceDate "2014.03.01"]

1. e4 e6 2. c3 d5 3. d4 dxe4 4. Bb5+ Nc6 5. Bxc6+ bxc6 6. f3 Nf6 7. h3 Bd6 8.
Bg5 O-O 9. h4 exf3 10. Nxf3 h6 11. Bxf6 Qxf6 12. Nbd2 Ba6 13. Ne4 Qe7 14. Qa4
Bb5 15. Qa5 Bf4 {roque blanc impossible} 0-1

[Event "Poussines"]
[Site "?"]
[Date "2014.03.02"]
[Round "3.2"]
[White "Compere, Nathalie"]
[Black "Hamon, Elisa"]
[Result "0-1"]
[WhiteElo "1210"]
[BlackElo "1179"]
[PlyCount "70"]
[EventDate "2014.03.01"]
[SourceDate "2014.03.01"]

1. e4 e5 2. Nc3 Nf6 3. f4 d5 4. fxe5 Nxe4 5. Nxe4 dxe4 6. Bc4 Qh4+ 7. g3 Qg5 8.
d4 Qg6 9. Bf4 Be7 10. Qe2 O-O 11. O-O-O Bg4 12. Nf3 Bxf3 13. Qf1 Bxd1 14. Qxd1
Kh8 15. Re1 Nc6 16. Re3 Rad8 17. d5 Bg5 18. Qh1 Bxf4 19. gxf4 Na5 20. Rxe4 Nxc4
21. Rxc4 Rd7 22. Rb4 Rfd8 23. Rd4 Qg4 24. e6 fxe6 25. Re4 Rxd5 26. b3 Rd1+ 27.
Qxd1 Qxd1+ 28. Kb2 h6 29. Rxe6 Rd2 30. Re8+ Kh7 31. Re7 Qxc2+ 32. Ka3 Qxa2+ 33.
Kb4 Rc2 34. f5 b6 35. Re4 Qa5# 0-1

[Event "Poussines"]
[Site "?"]
[Date "2014.03.02"]
[Round "3.3"]
[White "Gadras, Erine"]
[Black "Huger, Leane"]
[Result "1-0"]
[WhiteElo "1130"]
[BlackElo "1040"]
[PlyCount "65"]
[EventDate "2014.03.01"]
[SourceDate "2014.03.01"]

1. e4 e5 2. Nf3 Nc6 3. Nc3 Nf6 4. Bc4 Bb4 5. d4 exd4 6. Nxd4 Nxd4 7. Qxd4 O-O
8. Bg5 c5 9. Qd3 Bxc3+ 10. Qxc3 Qe7 11. O-O Qxe4 12. Rae1 Qf5 13. Re2 Qxg5 14.
f4 Qh5 15. Re3 d6 16. Ree1 Qg6 17. Qb3 b6 18. f5 Qg5 19. Re7 h6 20. Bxf7+ Kh7
21. Bg6+ Kh8 22. Rfe1 Bb7 23. Rxb7 Ng8 24. Qc3 Nf6 25. Qc4 Rad8 26. Bf7 d5 27.
Qb3 c4 28. Qb5 Qd2 29. Rf1 Qe2 30. Qc6 d4 31. Qc7 Ng4 32. Bg6 Rde8 33. Qxg7#
1-0

[Event "Poussines"]
[Site "?"]
[Date "2014.03.02"]
[Round "3.4"]
[White "Rubio, Elena"]
[Black "Rosario, Chlea"]
[Result "1-0"]
[WhiteElo "1090"]
[BlackElo "1070"]
[PlyCount "89"]
[EventDate "2014.03.01"]
[SourceDate "2014.03.01"]

1. e4 c5 2. Bc4 Nc6 3. Nf3 g6 4. O-O Nf6 5. Nc3 Bg7 6. d3 d6 7. Bg5 Be6 8. Bb5
a6 9. Ba4 O-O 10. Rb1 b5 11. Bb3 c4 12. dxc4 bxc4 13. Ba4 Qc7 14. Bf4 Rad8 15.
Qe1 d5 16. Bxc7 Rd7 17. Bb6 Rb7 18. Bc5 Nb4 19. a3 Nxc2 20. Bxc2 Rd8 21. Qe3
Ng4 22. Qf4 Bh6 23. Qg3 Re8 24. Bd4 f6 25. Ba4 Rd8 26. Bc6 f5 27. Bxb7 fxe4 28.
Rfe1 Bd2 29. Re2 Bh6 30. Bc6 exf3 31. Qxf3 Rf8 32. Qg3 Bf4 33. Qh4 Rf7 34. Rxe6
Rf5 35. Rxe7 g5 36. Qxg4 Rf7 37. Re8+ Rf8 38. Re7 Rf7 39. Re6 a5 40. Qh5 g4 41.
Qxg4+ Rg7 42. Bxg7 Kf7 43. Be8+ Kg8 44. Bf6+ Kf8 45. Qg7# 1-0

[Event "Poussines"]
[Site "?"]
[Date "2014.03.03"]
[Round "4.1"]
[White "Hubert, Romane"]
[Black "Compere, Nathalie"]
[Result "0-1"]
[WhiteElo "1020"]
[BlackElo "1210"]
[PlyCount "38"]
[EventDate "2014.03.01"]
[SourceDate "2014.03.01"]

1. e4 c5 2. c3 Nc6 3. d4 cxd4 4. cxd4 d6 5. d5 Ne5 6. Bf4 Ng6 7. Bb5+ Bd7 8.
Bxd7+ Qxd7 9. Nc3 Nxf4 10. g3 Ng2+ 11. Kf1 Ne3+ 12. fxe3 Nf6 13. Nf3 g6 14. Qe2
Qh3+ 15. Kf2 Ng4+ 16. Kg1 Bh6 17. Qb5+ Kf8 18. Qf1 Bxe3+ 19. Qf2 Bxf2# 0-1

[Event "Poussines"]
[Site "?"]
[Date "2014.03.02"]
[Round "4.2"]
[White "Rosario, Chlea"]
[Black "Gadras, Erine"]
[Result "1-0"]
[WhiteElo "1070"]
[BlackElo "1130"]
[PlyCount "22"]
[EventDate "2014.03.01"]
[SourceDate "2014.03.01"]

1. c4 e5 2. Nc3 Bc5 3. g3 Nc6 4. Bg2 d6 5. Nf3 Bg4 6. d3 Nd4 7. Nxd4 Bxd4 8.
O-O Nh6 9. Bxb7 O-O 10. Bxa8 Qxa8 11. b3 Be6 {feuille de partie illisible} 1-0

[Event "Poussines"]
[Site "?"]
[Date "2014.03.02"]
[Round "4.3"]
[White "Hamon, Elisa"]
[Black "Rubio, Elena"]
[Result "1-0"]
[WhiteElo "1179"]
[BlackElo "1090"]
[PlyCount "69"]
[EventDate "2014.03.01"]
[SourceDate "2014.03.01"]

1. e4 e5 2. Nf3 Nc6 3. d4 d6 4. Bb5 Bg4 5. d5 a6 6. dxc6 axb5 7. cxb7 Rb8 8.
Qd5 Nf6 9. Qc6+ Nd7 10. Be3 Be7 11. Ba7 O-O 12. Bxb8 Nxb8 13. Qxb5 c6 14. Qb3
Qa5+ 15. Nc3 c5 16. O-O-O c4 17. Qxc4 Qb6 18. Qd5 Qxf2 19. Rd2 Qe3 20. Nh4 Bxh4
21. g3 Bg5 22. Qxd6 Re8 23. h3 Bf3 24. Rhh2 Qg1+ 25. Nd1 Bxd1 26. b3 Bf3+ 27.
Kb2 Qa7 28. Rd3 Bxe4 29. Rc3 Qxb7 30. Rf2 Bg6 31. Rc7 Qe4 32. h4 Be3 33. Qe7
Bd4+ 34. c3 Bxf2 35. Qxe8# 1-0

[Event "Poussines"]
[Site "?"]
[Date "2014.03.02"]
[Round "4.4"]
[White "Tollot, Juliette"]
[Black "Huger, Leane"]
[Result "1-0"]
[WhiteElo "1009"]
[BlackElo "1040"]
[PlyCount "67"]
[EventDate "2014.03.01"]
[SourceDate "2014.03.01"]

1. d4 d5 2. c4 c6 3. Nf3 Bg4 4. e3 Nf6 5. Nc3 e6 6. Bd3 Bb4 7. O-O Bxc3 8. bxc3
O-O 9. cxd5 cxd5 10. Ne5 Nc6 11. Nxg4 Nxg4 12. Qxg4 Qf6 13. Ba3 Ne7 14. Rab1
Nf5 15. Bxf5 exf5 16. Qf3 Rfe8 17. Qxd5 h6 18. Qxb7 Rac8 19. Rfc1 Rcd8 20. Qxa7
Re6 21. Rb7 f4 22. Be7 Rxe7 23. Rxe7 fxe3 24. Rxe3 Qg5 25. Qe7 Qd5 26. Rce1 Rd6
27. Qe5 Qc6 28. Rg3 f6 29. Qf4 Rd5 30. Qg4 g5 31. Qh5 Qb6 32. Re8+ Kg7 33. Re7+
Kh8 34. Qe8# 1-0

[Event "Poussines"]
[Site "?"]
[Date "2014.03.03"]
[Round "5.1"]
[White "Huger, Leane"]
[Black "Rosario, Chlea"]
[Result "1-0"]
[WhiteElo "1040"]
[BlackElo "1070"]
[PlyCount "39"]
[EventDate "2014.03.01"]
[SourceDate "2014.03.01"]

1. e4 c5 2. Nf3 Nc6 3. Nc3 g6 4. Bb5 a6 5. Bxc6 bxc6 6. d3 Bg7 7. Bg5 Nf6 8.
O-O O-O 9. d4 c4 10. Qe2 d5 11. e5 Ng4 12. b3 cxb3 13. cxb3 Bf5 14. Qd2 a5 15.
Rae1 Qe8 16. h3 Nh6 17. Bxh6 Bxh6 18. Qxh6 e6 19. Ng5 Kh8 20. Qxh7# 1-0

[Event "Poussines"]
[Site "?"]
[Date "2014.03.03"]
[Round "5.2"]
[White "Compere, Nathalie"]
[Black "Tollot, Juliette"]
[Result "0-1"]
[WhiteElo "1200"]
[BlackElo "1009"]
[PlyCount "58"]
[EventDate "2014.03.01"]
[SourceDate "2014.03.01"]

1. e4 e6 2. d4 d5 3. e5 c5 4. c3 Qb6 5. a3 Ne7 6. b4 cxb4 7. cxb4 Nbc6 8. Be3
Ng6 9. Bd3 Be7 10. Qd2 Nxd4 11. Bxd4 Qxd4 12. Nc3 Qxe5+ 13. Nge2 O-O 14. O-O
Bd6 15. Ng3 Bd7 16. Rfe1 Qf4 17. Qe2 Rac8 18. Rac1 d4 19. Nce4 Rxc1 20. Rxc1
Qxc1+ 21. Nf1 Qf4 22. Nfg3 Rc8 23. Qb2 Ne5 24. Bf1 Rc1 25. Nxd6 b6 26. Ne2 Nd3
27. Qb3 Qxf2+ 28. Kh1 Qxf1+ 29. Ng1 Qxg1# 0-1

[Event "Poussines"]
[Site "?"]
[Date "2014.03.03"]
[Round "5.3"]
[White "Gadras, Erine"]
[Black "Hamon, Elisa"]
[Result "0-1"]
[WhiteElo "1130"]
[BlackElo "1179"]
[PlyCount "40"]
[EventDate "2014.03.01"]
[SourceDate "2014.03.01"]

1. e4 e5 2. Nf3 Nc6 3. Nc3 Nf6 4. Bc4 Bc5 5. O-O d6 6. Ne2 Nxe4 7. d4 Bb6 8.
Re1 O-O 9. Nf4 exf4 10. Rxe4 d5 11. Re2 dxc4 12. Bxf4 Nxd4 13. Ne1 Nxe2+ 14.
Qxe2 Be6 15. Nf3 Qf6 16. Bg5 Qxb2 17. Re1 Rae8 18. Bf4 c6 19. Ng5 Bd7 20. Qh5
Rxe1# 0-1

[Event "Poussines"]
[Site "?"]
[Date "2014.03.03"]
[Round "5.4"]
[White "Rubio, Elena"]
[Black "Hubert, Romane"]
[Result "0-1"]
[WhiteElo "1090"]
[BlackElo "1020"]
[PlyCount "76"]
[EventDate "2014.03.01"]
[SourceDate "2014.03.01"]

1. e4 e5 2. Bc4 Nf6 3. Nc3 Nc6 4. Nf3 Bb4 5. a3 Bxc3 6. bxc3 Nxe4 7. d3 Nd6 8.
O-O Nxc4 9. dxc4 O-O 10. Bg5 f6 11. Be3 d6 12. Rb1 Bg4 13. Qd5+ Kh8 14. Nd2 Ne7
15. Qe4 Bf5 16. Qf3 Bxc2 17. Rbc1 Bd3 18. Rfe1 Nf5 19. Qg4 Nxe3 20. Rxe3 Bg6
21. Rh3 f5 22. Qg3 f4 23. Qg4 h5 24. Qe6 Qe8 25. Qd5 c6 26. Qxd6 Rd8 27. Qb4
Bf5 28. Rh4 b6 29. Rd1 a5 30. Qxb6 a4 31. Re1 Rxd2 32. Qb1 Bxb1 33. Rxb1 Qd8
34. h3 Rd1+ 35. Kh2 Rxb1 36. Rxh5+ Kg8 37. c5 Qd1 38. Rh4 Qh1# 0-1

[Event "Poussines"]
[Site "?"]
[Date "2014.03.03"]
[Round "6.1"]
[White "Tollot, Juliette"]
[Black "Rosario, Chlea"]
[Result "1/2-1/2"]
[WhiteElo "1009"]
[BlackElo "1070"]
[PlyCount "104"]
[EventDate "2014.03.01"]
[SourceDate "2014.03.01"]

1. d4 c5 2. dxc5 Nc6 3. Nf3 g6 4. Nc3 Bg7 5. e3 Nf6 6. Bc4 O-O 7. O-O d6 8.
cxd6 exd6 9. Re1 Re8 10. e4 Bg4 11. h3 Bh5 12. Bf4 d5 13. exd5 Rxe1+ 14. Qxe1
Bxf3 15. gxf3 Nh5 16. dxc6 Nxf4 17. Qf1 Qg5+ 18. Kh2 bxc6 19. Re1 Be5 20. Ne4
Nh5+ 21. Kh1 Qf4 22. Qg2 Bc7 23. Ng5 Bd6 24. Re4 Qh2+ 25. Qxh2 Bxh2 26. Kxh2
Kg7 27. Bxf7 Kf6 28. f4 Nxf4 29. Rxf4+ Kxg5 30. Kg3 Kh6 31. Be6 Re8 32. Bf7 Re5
33. Rh4+ Rh5 34. Rxh5+ gxh5 35. f4 Kg7 36. Bc4 Kf6 37. b4 Kf5 38. a4 Ke4 39. b5
cxb5 40. axb5 Kd4 41. f5 Ke5 42. Bb3 Kxf5 43. c4 Ke6 44. c5+ Kd7 45. b6 axb6
46. Bd5 Kc7 47. cxb6+ Kxb6 48. Kh4 Kc5 49. Kxh5 Kxd5 50. Kh6 Ke4 51. h4 Kf4 52.
h5 Kg4 1/2-1/2

[Event "Poussines"]
[Site "?"]
[Date "2014.03.03"]
[Round "6.2"]
[White "Compere, Nathalie"]
[Black "Rubio, Elena"]
[Result "1-0"]
[WhiteElo "1210"]
[BlackElo "1090"]
[PlyCount "31"]
[EventDate "2014.03.01"]
[SourceDate "2014.03.01"]

1. e4 e5 2. Nc3 Nf6 3. f4 d6 4. Nf3 Nc6 5. Bb5 Bg4 6. O-O Be7 7. d3 O-O 8. Bd2
d5 9. Qe1 Bc5+ 10. Be3 Bb4 11. Qh4 a6 12. fxe5 Be7 13. Bxc6 bxc6 14. Ng5 Rb8
15. exf6 Bxf6 16. Qxh7# 1-0

[Event "Poussines"]
[Site "?"]
[Date "2014.03.03"]
[Round "6.3"]
[White "Hamon, Elisa"]
[Black "Huger, Leane"]
[Result "1-0"]
[WhiteElo "1179"]
[BlackElo "1040"]
[PlyCount "41"]
[EventDate "2014.03.01"]
[SourceDate "2014.03.01"]

1. e4 e5 2. Nf3 Nc6 3. d4 f6 4. d5 Nb4 5. a3 Na6 6. b4 d6 7. Bb5+ Bd7 8. Bc4
Qe7 9. Nc3 O-O-O 10. Be3 g6 11. O-O Bh6 12. Bxa7 Bg4 13. Qd3 f5 14. Bxa6 bxa6
15. Qxa6+ Kd7 16. Qc6+ Kc8 17. Ne1 Nf6 18. b5 fxe4 19. Nxe4 Nxe4 20. f3 Bd7 21.
Qa6# 1-0

[Event "Poussines"]
[Site "?"]
[Date "2014.03.03"]
[Round "6.4"]
[White "Hubert, Romane"]
[Black "Gadras, Erine"]
[Result "0-1"]
[WhiteElo "1020"]
[BlackElo "1130"]
[PlyCount "164"]
[EventDate "2014.03.01"]
[SourceDate "2014.03.01"]

1. e4 e5 2. c3 Nf6 3. d4 d6 4. Bb5+ Nc6 5. Bxc6+ bxc6 6. Bg5 h6 7. Bxf6 Qxf6 8.
c4 Qg6 9. Nc3 Bg4 10. f3 Be6 11. b3 Rd8 12. d5 cxd5 13. exd5 Bf5 14. g4 Bd3 15.
Nge2 Bc2 16. Qc1 Be7 17. f4 exf4 18. Nxf4 Qxg4 19. h3 Qg3+ 20. Kf1 Bd3+ 21.
Nxd3 Qxd3+ 22. Kg1 Qg3+ 23. Kf1 Bg5 24. Qe1+ Qe5 25. Rg1 Be3 26. Rg3 O-O 27.
Rxe3 Qf4+ 28. Kg2 c5 29. Re4 Qf5 30. Rd1 Qg6+ 31. Kf3 Rde8 32. Rxe8 Rxe8 33.
Qxe8+ Kh7 34. Re1 Qh5+ 35. Kf4 Qg5+ 36. Kf3 Qh4 37. Re7 g5 38. Rxf7+ Kg6 39.
Qe6+ Kh5 40. Qxd6 Qxh3+ 41. Ke4 g4 42. Rf5+ Kh4 43. Qxh6+ Kg3 44. Qe3+ Kh4 45.
Qf2+ g3 46. Qf4+ Qg4 47. Ke3 g2 48. Qh2+ Qh3+ 49. Rf3 Qxh2 50. Ne2 a5 51. Rf4+
Kg5 52. d6 Qh7 53. a4 Qd7 54. Ke4 Qxd6 55. Ng1 Qb6 56. Rf3 Qb4 57. Rg3+ Kh4 58.
Rxg2 Qxb3 59. Rh2+ Kg3 60. Rd2 Qxc4+ 61. Ke3 Qxa4 62. Ne2+ Kg2 63. Nf4+ Kg3 64.
Nh5+ Kh4 65. Nf6 c4 66. Rd4+ Kg3 67. Rg4+ Kh3 68. Kf3 c3 69. Rxa4 c2 70. Ra1 a4
71. Ne4 a3 72. Rb1 cxb1=Q 73. Nf2+ Kh2 74. Ng4+ Kg1 75. Ne3 a2 76. Kg3 a1=Q 77.
Ng4 Qb3+ 78. Kf4 Qaa4+ 79. Ke5 Qbb5+ 80. Kd6 Qaa6+ 81. Kc7 Qbb7+ 82. Kd8 Qaa8#
0-1

[Event "Poussines"]
[Site "?"]
[Date "2014.03.04"]
[Round "7.1"]
[White "Rubio, Elena"]
[Black "Tollot, Juliette"]
[Result "0-1"]
[WhiteElo "1090"]
[BlackElo "1009"]
[PlyCount "52"]
[EventDate "2014.03.01"]
[SourceDate "2014.03.01"]

1. e4 e6 2. Nf3 d5 3. d3 Nf6 4. Nc3 Nc6 5. Bg5 h6 6. Be3 Bd6 7. Be2 O-O 8. O-O
b6 9. Rb1 Ba6 10. b4 Nxb4 11. a3 Nc6 12. a4 Re8 13. Bd4 Rb8 14. Qd2 Bc5 15. Be5
Nxe5 16. Nxe5 Qd6 17. Nf3 Ng4 18. e5 Nxe5 19. Qf4 Nxf3+ 20. Qxf3 Qe5 21. Rbe1
Qxc3 22. Rd1 Qxc2 23. Ra1 Qc3 24. Rab1 Qe5 25. Qg4 Bd6 26. Bf3 Qxh2# 0-1

[Event "Poussines"]
[Site "?"]
[Date "2014.03.04"]
[Round "7.2"]
[White "Rosario, Chlea"]
[Black "Hamon, Elisa"]
[Result "0-1"]
[WhiteElo "1070"]
[BlackElo "1179"]
[PlyCount "74"]
[EventDate "2014.03.01"]
[SourceDate "2014.03.01"]

1. c4 e5 2. Nc3 f5 3. g3 Nf6 4. Bg2 Nc6 5. Nf3 Bc5 6. O-O O-O 7. d3 Ng4 8. Bg5
Be7 9. Qd2 Qe8 10. Nd5 Bd6 11. h3 h6 12. Bxh6 Nxh6 13. c5 Qe6 14. cxd6 Qxd5 15.
dxc7 Qd6 16. Rac1 Qxc7 17. Rc5 d6 18. Rd5 a6 19. Qe3 Be6 20. Rxd6 Qxd6 21. Qg5
Rf6 22. Rd1 e4 23. Nh4 exd3 24. exd3 Bc4 25. Bf1 Bxa2 26. Re1 Nd4 27. g4 fxg4
28. hxg4 Rf3 29. Re7 Nf7 30. Nf5 Nxf5 31. Qh5 Nxe7 32. Qh2 Qxh2+ 33. Kxh2 Bd5
34. Bg2 Rxf2 35. Kh3 Rxg2 36. Kh4 Kh7 37. Kh5 Rh2# 0-1

[Event "Poussines"]
[Site "?"]
[Date "2014.03.04"]
[Round "7.3"]
[White "Compere, Nathalie"]
[Black "Gadras, Erine"]
[Result "0-1"]
[WhiteElo "1210"]
[BlackElo "1130"]
[PlyCount "29"]
[EventDate "2014.03.01"]
[SourceDate "2014.03.01"]

1. e4 e5 2. Nc3 Nf6 3. f4 Nc6 4. Nf3 Bc5 5. Nxe5 Nxe5 6. d4 Bb4 7. fxe5 Nxe4 8.
Bd2 Nxc3 9. bxc3 Be7 10. Bc4 O-O 11. O-O d5 12. Bd3 f6 13. Qh5 Rf7 14. Qxh7+
Kf8 15. Qh8# 0-1

[Event "Poussines"]
[Site "?"]
[Date "2014.03.04"]
[Round "7.4"]
[White "Huger, Leane"]
[Black "Hubert, Romane"]
[Result "1-0"]
[WhiteElo "1040"]
[BlackElo "1020"]
[PlyCount "35"]
[EventDate "2014.03.01"]
[SourceDate "2014.03.01"]

1. e4 e6 2. Nf3 d5 3. d3 dxe4 4. Ng5 Bb4+ 5. Bd2 Bxd2+ 6. Qxd2 f6 7. Nxe4 f5 8.
Ng3 e5 9. Qc3 f4 10. Ne4 Bf5 11. Nbd2 Bxe4 12. dxe4 Qd4 13. Bb5+ c6 14. Bc4 Nf6
15. O-O Nxe4 16. Nxe4 Qxe4 17. Rae1 Qf5 18. Rxe5+ 1-0